000 00875nam a2200205Ia 4500
008 0000001997 usa 0000000000eng00
090 _aPUS00 B17j
100 1 _aBasquiat, Jean Michel
_d1960
245 1 0 _aJeanMichel Basquiat
_c/ photography T Sukezane, Beth Phillips
300 _a68 p.
_c/ 29 cm.
500 _aExposición realizada en Galería Quintana, Coral Gables, Diciembre 1996 Febrero 1997 \ Con el patronazgo del maestro venezolano Jesús Rafael Soto (q.e.p.d.) \ Registro auspiciado por el IDCT. Bogotá
600 0 0 _aBAQUIAT, JEAN MICHEL, 1960/
_xTRABAJOS PICTORICOS
650 1 4 _aARTE CONTEMPORANEO ESTADOUNIDENSE
650 1 4 _xCATALOGOS
650 1 4 _xEXPOSICIONES
650 1 4 _aPINTORES ESTADOUNIDENSES
650 1 4 _aPINTURA ESTADOUNIDENSE
700 1 _aSukezane, T \ Philipps, Beth
999 _c3534
_d3534
260 _aCoral Gables : Quintana Gallery
_c1997